Normal view
MARC view
- تاليف الهنداوي، خليل ،م. مشارك الدقاق، عمر
Entry Personal Name
001 - CONTROL NUMBER
- control field: 15922
003 - CONTROL NUMBER IDENTIFIER
- control field: JO-AjAnu
005 - DATE AND TIME OF LATEST TRANSACTION
- control field: 20230606072835.0
008 - FIXED-LENGTH DATA ELEMENTS
- fixed length control field: 230606|| aca||aabn | a|a d
040 ## - CATALOGING SOURCE
- Original cataloging agency: JO-AjAnu
- Transcribing agency: JO-AjAnu
100 ## - HEADING--PERSONAL NAME
- Personal name: تاليف الهنداوي، خليل ،م. مشارك الدقاق، عمر
670 ## - SOURCE DATA FOUND
- Source citation: Work cat.: (JO-AjAnu)8175: تاليف الهنداوي، خليل ،م. مشارك الدقاق، عمر, author, المقتبس من فيض الخاطر لاحمد امين: دراسة ومختارات